000
00328 a2200157 4500
001
160946
020
_a
040
_c
Magnum
100
_a
Lucio, Neio
240
1
0
_a
A vida fala - 1
_l
por
245
1
0
_a
A vida fala - 1
362
0
_a
1899
440
1
_a
Federação Espírita Brasileira
697
_a
IJ/GERAL
942
_c
BK
999
_c
160946
_d
160946